গণতান্ত্রিক আন্দোলনে বাংলার ছাত্রসমাজ (১৯৪৭-১৯৯০) / (Record no. 37311)
[ view plain ]
| 000 -LEADER | |
|---|---|
| fixed length control field | 01900ntm a2200277 a 4500 |
| 001 - CONTROL NUMBER | |
| control field | 37311 |
| 003 - CONTROL NUMBER IDENTIFIER | |
| rucl marc code | BD-RjUL |
| 005 - DATE AND TIME OF LATEST TRANSACTION | |
| control field | 20211209052610.0 |
| 008 - FIXED-LENGTH DATA ELEMENTS--GENERAL INFORMATION | |
| fixed length control field | 141125s2013 bg a|||| mb|| 00| 0 ben d |
| 035 ## - SYSTEM CONTROL NUMBER | |
| System control number | (BD-RjUL)37414 |
| 040 ## - CATALOGING SOURCE | |
| Original cataloging agency | BD-RjUL |
| Language of cataloging | ben/eng |
| Transcribing agency | BD-RjUL |
| Modifying agency | BD-RjUL |
| 041 ## - LANGUAGE CODE | |
| Language code of text/sound track or separate title | ben |
| 082 ## - DEWEY DECIMAL CLASSIFICATION NUMBER | |
| Edition number | 21 |
| Classification number | 371.81095492 |
| Author mark and year | HOG 2013 |
| 100 ## - MAIN ENTRY--PERSONAL NAME | |
| Personal name | হোসেন, মো. ফরহাদ |
| 9 (RLIN) | 114345 |
| 245 10 - TITLE STATEMENT | |
| Title | গণতান্ত্রিক আন্দোলনে বাংলার ছাত্রসমাজ (১৯৪৭-১৯৯০) / |
| Statement of responsibility, etc. | মো. ফরহাদ হোসেন ; |
| Linkage | গবেষণা তত্বাবধায়ক : মো. মাহফুজুর রহমান. |
| 260 ## - PUBLICATION, DISTRIBUTION, ETC. (IMPRINT) | |
| Place of publication, distribution, etc. | রাজশাহী : |
| Name of publisher, distributor, etc. | ইসলামের ইতিহাস ও সংস্কৃতি বিভাগ, রাজশাহী বিশ্ববিদ্যালয়, |
| Date of publication, distribution, etc. | ২০১৩. |
| 300 ## - PHYSICAL DESCRIPTION | |
| Pagination | viii, ৩০৭ পাতা : |
| Illustrations | চিত্র ; |
| Size | ৩০ সেমি. |
| 502 ## - DISSERTATION NOTE | |
| Dissertation note | থিসিস (এম.ফিল.) --ইসলামের ইতিহাস ও সংস্কৃতি বিভাগ, রাজশাহী বিশ্ববিদ্যালয়,২০১৩. |
| 504 ## - BIBLIOGRAPHY, ETC. NOTE | |
| Bibliography, etc | গ্রন্থপঞ্জি : পাতা [২৮৯]-৩০৭. |
| 650 ## - SUBJECT ADDED ENTRY--TOPICAL TERM | |
| Topical term or geographic name as entry element | ছাত্র আন্দোলন |
| Form subdivision | ইতিহাস |
| Geographic subdivision | বাংলাদেশ |
| Chronological subdivision | ১৯৪৭-১৯৯০ |
| 9 (RLIN) | 114346 |
| Topical term or geographic name as entry element | Student Movement |
| Form subdivision | History |
| Geographic subdivision | Bangladesh |
| Chronological subdivision | 1947-1990 |
| 9 (RLIN) | 244244 |
| Topical term or geographic name as entry element | শিক্ষার্থী - |
| General subdivision | রাজনৈতিক কার্যকলাপ |
| Geographic subdivision | বাংলাদেশ |
| Chronological subdivision | ১৯৪৭-১৯৯০ |
| 9 (RLIN) | 237540 |
| Topical term or geographic name as entry element | Students |
| General subdivision | Political activity |
| Geographic subdivision | Bangladesh |
| Chronological subdivision | 1947-1990 |
| 9 (RLIN) | 244245 |
| 700 ## - ADDED ENTRY--PERSONAL NAME | |
| Personal name | রহমান, মো. মাহফুজুর, গবেষণা তত্বাবধায়ক |
| 942 ## - ADDED ENTRY ELEMENTS (KOHA) | |
| Source of classification or shelving scheme | Dewey Decimal Classification |
| Koha item type | Theses |
| Lost status | Source of classification or shelving scheme | Damaged status | Not for loan | Collection code | Permanent Location | Current Location | Shelving location | Date acquired | Source of acquisition | Cost, normal purchase price | Total Checkouts | Full call number | Date last seen | Copy number | Koha item type |
|---|---|---|---|---|---|---|---|---|---|---|---|---|---|---|---|
| Dewey Decimal Classification | Not For Loan | Theses | Central Library, University of Rajshahi | Central Library, University of Rajshahi | Documentation Section | 25/09/2014 | Controller of Examination Office, University of Rajshahi, Rajshahi. | 0.00 | BTHE 371.81095492 HOG 2013 | 25/11/2014 | C-1 | Theses |